Iron Man (2008): Random Characters - Statistics

General Stats
  • This quiz has been taken 13 times
  • The average score is 6 of 18
Answer Stats
Hint Answer % Correct
Samuel L. Jackson Nick Fury
100%
Stan Lee Stan Lee
60%
Sayed Badreya Abu Bakaar
40%
Peter Billingsley William Ginter Riva
40%
Ahmed Ahmed Ahmed
30%
Nazanin Boniadi Amira Ahmed
30%
Thomas Craig Plumer Colonel Craig
30%
Bill Smitrovich General Gabriel
30%
Gerard Sanders Howard Stark
30%
Jim Cramer Jim Cramer
30%
Kevin Foster Jimmy
30%
Tim Guinee Major Allen
30%
Fahim Fazli Omar
30%
Garrett Noel Pratt
30%
Eileen Weisinger Ramirez
30%
Zorianna Kit Zorianna Kit
30%
Russell Bobbitt Georgio
20%
David Zyler Whiplash One
20%
No matching quizzes found
Score Distribution
Percent of People with Each Score
Percentile by Number Answered
Your Score History
You have not taken this quiz